01020nam a2200241Ia 4500003000900000008004100009020001800050040001600068080002400084111009600108245021300204260004200417300002300459650004100482650002200523650001700545700003100562700003100593700003200624942000700656999001500663952010000678IN-BaIIA211028s9999 xx 000 0 eng d a90-277-2125-4 cIIA Library a533-467(082.1)bCHA aNATO Advanced Research Workshop on Chaos in AstrophysicscFloridad1984 Apr. 9-11914501 0aChaos in Astrophysicsbproceedings of the NATO advanced Research Workshop on chaos in Astrophysics, held in Palm Coast, Florida, U.S.A., 9-11 April 1984cedited by J.R. Buchler, J.M. Perdang, E.A. Spiegel. aDordrechtbD. Reidel Publishingc1985 a[various pagings.] aAstronomy and Astrophysics thesaurus aAstrophysics9794 aChaos910923 aBuchler, J. R., ed.914502 aPerdang, J. M., ed.914503 aSpiegel, E. A ., ed.914504 cBK c8642d8642 00104070aBANbBANcGENd1986-03-21l0o533-467(082.1)/ CHAp9515r2021-11-05w1986-03-21yBK